Steam Tables: (Record no. 20718)
[ view plain ]
| 000 -LEADER | |
|---|---|
| fixed length control field | 00608nac a22001935a 4500 |
| 008 - FIXED-LENGTH DATA ELEMENTS--GENERAL INFORMATION | |
| fixed length control field | 090709t1984 ii ||||| |||| 00| 0 eng d |
| 040 ## - CATALOGING SOURCE | |
| Original cataloging agency | EG-Sc BUE |
| Language of cataloging | eng |
| Transcribing agency | EG-Sc BUE |
| 082 04 - DEWEY DECIMAL CLASSIFICATION NUMBER | |
| Classification number | 621.180212 |
| Item number | KHU |
| Edition number | 22 |
| 100 1# - MAIN ENTRY--PERSONAL NAME | |
| Personal name | Khurmi, R.S. |
| 9 (RLIN) | 7921 |
| 245 10 - TITLE STATEMENT | |
| Title | Steam Tables: |
| Remainder of title | With Mollier Diagram: In S.I. Units / |
| Statement of responsibility, etc | R.S. Khurmi. |
| 260 ## - PUBLICATION, DISTRIBUTION, ETC. (IMPRINT) | |
| Place of publication, distribution, etc | New Delhi: |
| Name of publisher, distributor, etc | S. Chand & Company, |
| Date of publication, distribution, etc | 2006 |
| 300 ## - PHYSICAL DESCRIPTION | |
| Extent | v, 23 p; |
| Other physical details | Tables. |
| Dimensions | 22 cm. |
| 500 ## - GENERAL NOTE | |
| General note | Distributer: Al-Ahram. |
| 590 ## - LOCAL NOTE (RLIN) | |
| Local note | doha |
| 650 ## - SUBJECT ADDED ENTRY--TOPICAL TERM | |
| Topical term or geographic name as entry element | Steam --Tables. |
| 9 (RLIN) | 7922 |
| Source of heading or term | BUEsh |
| 651 ## - SUBJECT ADDED ENTRY--GEOGRAPHIC NAME | |
| Source of heading or term | BUEsh |
| 653 ## - INDEX TERM--UNCONTROLLED | |
| Arrived date list | August2015 |
| 942 ## - ADDED ENTRY ELEMENTS (KOHA) | |
| Item type | Book - Borrowing |
| Call number prefix | 621.101KHU |
| Source of classification or shelving scheme | Dewey Decimal Classification |
| Withdrawn status | Item status | Source of classification or shelving scheme | Damaged status | Not for loan | Home library | Current library | Shelving location | Date acquired | Source of acquisition | Total Checkouts | Full call number | Barcode | Date last seen | Koha item type |
|---|---|---|---|---|---|---|---|---|---|---|---|---|---|---|
| Dewey Decimal Classification | Central Library | Central Library | First floor | 25/08/2015 | Purchase | 621.180212 KHU | 000011657 | 15/07/2025 | Book - Borrowing | |||||
| Dewey Decimal Classification | Central Library | Central Library | First floor | 25/08/2015 | Purchase | 621.180212 KHU | 000011658 | 15/07/2025 | Book - Borrowing |